Влияние размера частиц осушителя - оксида алюминия, модифицированного ионами калия, на кинетику и адсорбционную емкость; Перспективы развития фундаментальных наук; Т. 2 : Химия
| Parent link: | Перспективы развития фундаментальных наук=Prospects of Fundamental Sciences Development: сборник научных трудов XV Международной конференции студентов, аспирантов и молодых ученых, г. Томск, 24-27 апреля 2018 г./ Национальный исследовательский Томский политехнический университет (ТПУ) ; под ред. И. А. Курзиной, Г. А. Вороновой.— , 2018 Т. 2 : Химия.— 2018.— [С. 45-47] |
|---|---|
| Autor Principal: | |
| Autor Corporativo: | |
| Outros autores: | , |
| Summary: | Заглавие с экрана This article presents an investigation kinetics of adsorption of water vapor on fractions: 0.125-0.25; 0.25-0.5 and 0.5-1.0 mm, adsorbent on the basis aluminium oxide modified potassium ions. Found the constant values of the speed of the process of adsorption of water vapor on these fractions. It is shown that for fractions with particles less than 0.5 mm water vapour adsorption rates is close and significantly exceeds the rate of adsorption on fractions 0.5-1.0 mm. The value of maximum adsorption of water vapor for studied fractions was comparable. |
| Idioma: | ruso |
| Publicado: |
2018
|
| Subjects: | |
| Acceso en liña: | http://earchive.tpu.ru/handle/11683/50706 |
| Formato: | Electrónico Capítulo de libro |
| KOHA link: | https://koha.lib.tpu.ru/cgi-bin/koha/opac-detail.pl?biblionumber=627490 |
MARC
| LEADER | 00000naa2a2200000 4500 | ||
|---|---|---|---|
| 001 | 627490 | ||
| 005 | 20231101133450.0 | ||
| 035 | |a (RuTPU)RU\TPU\conf\27359 | ||
| 035 | |a RU\TPU\conf\27358 | ||
| 090 | |a 627490 | ||
| 100 | |a 20180910d2018 k y0rusy50 ca | ||
| 101 | 0 | |a rus |d eng | |
| 102 | |a RU | ||
| 105 | |a y z 100zy | ||
| 135 | |a drcn ---uucaa | ||
| 181 | 0 | |a i | |
| 182 | 0 | |a b | |
| 200 | 1 | |a Влияние размера частиц осушителя - оксида алюминия, модифицированного ионами калия, на кинетику и адсорбционную емкость |d Influence of particle size of a drier - aluminium oxide modified potassium ions, on the kinetics and adsorption capacity |f Ж. Б. Будаев, А. В. Ливанова |g науч. рук. Е. П. Мещеряков | |
| 203 | |a Текст |c электронный | ||
| 230 | |a 1 компьютерный файл (pdf; 204 Kb) | ||
| 300 | |a Заглавие с экрана | ||
| 320 | |a [Библиогр.: с. 47 (6 назв.)] | ||
| 330 | |a This article presents an investigation kinetics of adsorption of water vapor on fractions: 0.125-0.25; 0.25-0.5 and 0.5-1.0 mm, adsorbent on the basis aluminium oxide modified potassium ions. Found the constant values of the speed of the process of adsorption of water vapor on these fractions. It is shown that for fractions with particles less than 0.5 mm water vapour adsorption rates is close and significantly exceeds the rate of adsorption on fractions 0.5-1.0 mm. The value of maximum adsorption of water vapor for studied fractions was comparable. | ||
| 461 | 1 | |0 (RuTPU)RU\TPU\conf\26928 |t Перспективы развития фундаментальных наук |l Prospects of Fundamental Sciences Development |o сборник научных трудов XV Международной конференции студентов, аспирантов и молодых ученых, г. Томск, 24-27 апреля 2018 г. |o в 7 т. |f Национальный исследовательский Томский политехнический университет (ТПУ) ; под ред. И. А. Курзиной, Г. А. Вороновой |d 2018 | |
| 463 | 1 | |0 (RuTPU)RU\TPU\conf\26930 |t Т. 2 : Химия |v [С. 45-47] |d 2018 | |
| 510 | 1 | |a Influence of particle size of a drier - aluminium oxide modified potassium ions, on the kinetics and adsorption capacity |z eng | |
| 610 | 1 | |a электронный ресурс | |
| 610 | 1 | |a размеры | |
| 610 | 1 | |a осушители | |
| 610 | 1 | |a оксид алюминия | |
| 610 | 1 | |a ионы калия | |
| 610 | 1 | |a кинетика | |
| 610 | 1 | |a адсорбционная емкость | |
| 610 | 1 | |a адсорбенты | |
| 700 | 1 | |a Будаев |b Ж. Б. | |
| 701 | 1 | |a Ливанова |b А. В. | |
| 702 | 1 | |a Мещеряков |b Е. П. |4 727 | |
| 712 | 0 | 2 | |a Национальный исследовательский Томский государственный университет (ТГУ) |c (2009- ) |2 stltpush |3 (RuTPU)RU\TPU\col\17230 |
| 801 | 2 | |a RU |b 63413507 |c 20190805 |g RCR | |
| 856 | 4 | |u http://earchive.tpu.ru/handle/11683/50706 | |
| 942 | |c BK | ||